| 000 | 00545nam a2200193Ia 4500 | ||
|---|---|---|---|
| 005 | 20250508150301.0 | ||
| 008 | 008 250505s9999 xx 000 0 eng d | ||
| 037 | _aTextual | ||
| 040 |
_aFEDL _beng _cFEDL |
||
| 041 |
_aeng _2eng |
||
| 084 |
_a109, BUR _qFEDL |
||
| 100 |
_aBurgess Joseph B _9756312 |
||
| 245 | 0 | _aIntroducation to the history of philosophy | |
| 260 |
_aNew York, USA _bMcGraw Hill Book Company _c1939 |
||
| 300 | _axi,631p. | ||
| 650 | _aPhilosophy | ||
| 942 |
_cTEXL _h109, BUR |
||
| 999 |
_c1322804 _d1322804 |
||